| 000 | 00358 a2200121 4500 | ||
|---|---|---|---|
| 001 | 92368 | ||
| 082 | _bPR 2567 | ||
| 090 |
_c44337 _d44338 |
||
| 100 | _aMuneeb, Prof Dr. Nadeem and Farrukh (Advisors) | ||
| 245 |
_aDesign Fabrication and Analysis of Combined Darrieus Savonius Wind Turbine _n79'A' EC |
||
| 260 |
_aIslamabad _bNUST _c2015 |
||
| 300 | _aix,63p. | ||
| 942 |
_aCAE NUST _kPR 2567 |
||
| 999 |
_c327441 _d327441 |
||